000
00285nam a22001097a 4500
008
160504b xxu||||| |||| 00| 0 eng d
020
_a
072162359
041
_a
eng
080
_a
61
245
_a
Smiths Recognizable patterns of human malformation:
_c
Kenneth Lyons Jones;
942
_2
udc
_c
BK
999
_c
1765
_d
1765